banner-ar

LE MUSEE DE L'ART ARABE AU CAIRE / (Record no. 20419)

MARC details
000 -الفاتح
حقل البيانات ثابتة الطول 00500nam a2200169Ia 4500
008 - عناصر البيانات ثابتة الطول - معلومات عامة
حقل البيانات ثابتة الطول 140319s9999 xx 000 0 eng d
040 ## - مصدر الفهرسة
وكالة الفهرسة الأصلية GCL /
وكالة النسخ GCL
082 04 - رقم تصنيف ديوى العشرى
رقم التصنيف CC
رقم المادة 069.962
-- B M
100 1# - المدخل الرئيسى - إسم شخصى
الإسم الشخصى LE BUREAU DE TOURISME, EGYPT
245 10 - بيان العنوان
العنوان LE MUSEE DE L'ART ARABE AU CAIRE /
بيان المسئوليه,etc LE BUREAU DE TOURISME, EGYPT
260 ## - PUBLICATION, DISTRIBUTION, ETC. (IMPRINT)
تاريخ النشر أو التوزيع 1994
650 04 - المدخل الاضافى بالموضوع-مصطلح موضوعى
مصطلح موضوعي حوادث المرور
650 04 - المدخل الاضافى بالموضوع-مصطلح موضوعى
مصطلح موضوعي ARTS, ISLAM
650 04 - المدخل الاضافى بالموضوع-مصطلح موضوعى
مصطلح موضوعي ISLAMIC MUSEUM
942 ## - عناصر المدخل الإضافي( كوها)
مصدر التصنيف او مخطط الترفيف Dewey Decimal Classification
Koha [default] item type كتاب
260 ## - PUBLICATION, DISTRIBUTION, ETC. (IMPRINT)
-- [S.N] :
-- LE BUREAU DE TOURISME, EGYPT ،
Holdings
حالة التراجع حالة الفقد حالة تلف ليس للاعارة المكان المؤقت الموقع الحالى تاريخ الاكتساب اجمالي اﻻعارات رقم الطلب الباركود تاريخ اخر مشاهدة تاريخ تفعيل السعر نوع وعاء كوها
        مكتبة القاهرة الكبرى مكتبة القاهرة الكبرى 03/26/2014   CC\069.962\B M 38313 03/26/2014 03/26/2014 كتاب

Powered By

EGPV